Catálogo público

Caracterización del espacio poroso del suelo bajo distintos sistemas de laboreo, en El Valle del Ebro / (Record no. 220120)

MARC details
000 -CABECERA
campo de control de longitud fija 03527nam a2200349 a 4500
003 - IDENTIFICADOR DEL NÚMERO DE CONTROL
campo de control OSt
005 - FECHA Y HORA DE LA ÚLTIMA TRANSACCIÓN
campo de control 20250913062745.0
007 - CAMPO FIJO DE DESCRIPCIÓN FÍSICA--INFORMACIÓN GENERAL
campo de control de longitud fija cr ||||||a|c|a
008 - DATOS DE LONGITUD FIJA--INFORMACIÓN GENERAL
campo de control de longitud fija 240829s2024 mx a|||fom||| 001 0 spa d
040 ## - FUENTE DE LA CATALOGACIÓN
Normas de descripción rda
100 1# - ENTRADA PRINCIPAL--NOMBRE DE PERSONA
Nombre de persona López Sánchez, Juan Manuel
9 (RLIN) 189499
245 10 - MENCIÓN DE TÍTULO
Título Caracterización del espacio poroso del suelo bajo distintos sistemas de laboreo, en El Valle del Ebro /
Mención de responsabilidad, etc. por Juan Manuel López Sánchez; director de tesis Gilberto de Jesús López Canteñs; secretario Noel Chávez Aguilera; vocal José Guadalupe Gaytán Ruelas; suplente Francisco Muñoz Gómez; suplente Carlos Alberto Villaseñor Perea.
264 #1 - PRODUCCIÓN, PUBLICACIÓN, DISTRIBUCIÓN, FABRICACIÓN Y COPYRIGHT
Producción, publicación, distribución, fabricación y copyright Chapingo, México :
Nombre del de productor, editor, distribuidor, fabricante El autor,
Fecha de producción, publicación, distribución, fabricación o copyright 2024.
300 ## - DESCRIPCIÓN FÍSICA
Extensión 1 recurso en línea (61 páginas):
Otras características físicas cuadros, figuras.
336 ## - TIPO DE CONTENIDO
Fuente rdacontent
Término de tipo de contenido texto
Código de tipo de contenido txt
337 ## - TIPO DE MEDIO
Fuente rdamedia
Nombre/término del tipo de medio computadora
Código del tipo de medio c
338 ## - TIPO DE SOPORTE
Fuente rdacarrier
Nombre/término del tipo de soporte recurso en línea
Código del tipo de soporte cr
502 ## - NOTA DE TESIS
Tipo de título Ingeniería Mecánica Agrícola
Nombre de la institución que otorga el título Departamento de Ingeniería Mecánica Agrícola,
Año de obtención del título 2024.
Información miscelánea Licenciatura
504 ## - NOTA DE BIBLIOGRAFÍA, ETC.
Nota de bibliografía, etc. Incluye referencias bibliográficas: páginas 48-51.
520 ## - SUMARIO, ETC.
Sumario, etc. Las propiedades hidráulicas del suelo y la continuidad de los poros del suelo son parámetros importantes para indicar la calidad de los suelos, las cuales pueden variar dependiendo del sistema de labranza implementado y la posición respecto de la hilera del cultivo. El objetivo del presente estudio fue determinar el impacto en las propiedades hidráulicas del suelo agrícola y la característica de sus poros provocado por diversos sistemas de labranza, en una zona de secano con clima Mediterráneo continental templado, de un campo experimental de Sénes de Alcubierre, al NE de España. Se utilizaron muestras de suelo no perturbadas para la determinación de las curvas de retención de agua en el suelo, θ(Ψ), y la conductividad hidráulica, K(Ψ), en dos sistemas de labranza (labranza intensiva, IT vs labranza cero, NT) y dos posiciones (dentro de la hilera del cultivo, W-row vs entre hileras del cultivo, B-row). Los resultados mostraron que IT tuvo una mayor conductividad hidráulica, K, que NT a mayor potencial matricial, Ψ (≥ -10 cm H2O), pero no hubo diferencias significativas a menor Ψ. IT mostro un volumen mayor de poros que NT en la clase de tamaños de poros de 1000-300 y 300-60 μm, en cambio, en la clase porosa <3 μm, NT mostro un volumen mayor que IT. Se obtuvo una conductividad específica alta, Ksp, mayor para IT en comparación con NT, observándose que los poros de mayor tamaño >3000 μm son los que mejor conducen, IT mostro una mejor continuidad de los poros que NT. La posición W-row tuvo una Ksp significativamente mayor para la clase porosa >3000 μm que la posición B-row. Este estudio demuestra que la labranza favorece a una mayor conductividad hidráulica en comparación con la siembra directa; sin embargo, la labranza cero favorece la retención y almacenamiento de agua en el suelo.
650 #4 - PUNTO DE ACCESO ADICIONAL DE MATERIA--TÉRMINO DE MATERIA
Término de materia o nombre geográfico como elemento de entrada Conductividad hidráulica
9 (RLIN) 26345
650 #4 - PUNTO DE ACCESO ADICIONAL DE MATERIA--TÉRMINO DE MATERIA
Término de materia o nombre geográfico como elemento de entrada Suelos
Subdivisión general Humedad
9 (RLIN) 110391
650 #7 - PUNTO DE ACCESO ADICIONAL DE MATERIA--TÉRMINO DE MATERIA
Término de materia o nombre geográfico como elemento de entrada Labranza
Subdivisión general Efecto en suelos
Fuente del encabezamiento o término
9 (RLIN) 64305
650 #4 - PUNTO DE ACCESO ADICIONAL DE MATERIA--TÉRMINO DE MATERIA
Término de materia o nombre geográfico como elemento de entrada Agricultura de conservación
9 (RLIN) 164946
700 1# - PUNTO DE ACCESO ADICIONAL--NOMBRE DE PERSONA
Nombre de persona López Canteñs, Gilberto de Jesús
9 (RLIN) 67746
Término indicativo de función/relación Director de tesis.
700 1# - PUNTO DE ACCESO ADICIONAL--NOMBRE DE PERSONA
Nombre de persona Chávez Aguilera, Noel
9 (RLIN) 22656
Término indicativo de función/relación Secretario.
700 1# - PUNTO DE ACCESO ADICIONAL--NOMBRE DE PERSONA
Nombre de persona Gaytán Ruelas, José Guadalupe
Término indicativo de función/relación Vocal.
9 (RLIN) 47360
700 1# - PUNTO DE ACCESO ADICIONAL--NOMBRE DE PERSONA
Nombre de persona Muñoz Gómez, Francisco
9 (RLIN) 79600
Término indicativo de función/relación Suplente.
700 1# - PUNTO DE ACCESO ADICIONAL--NOMBRE DE PERSONA
Nombre de persona Villaseñor Perea, Carlos Alberto
Término indicativo de función/relación Suplente.
9 (RLIN) 119699
856 ## - LOCALIZACIÓN Y ACCESO ELECTRÓNICOS
Identificador Uniforme del Recurso http://10.13.5.2/tesis/tl/1511392-2_LOPEZ_SANCHEZ_JUANMANUEL.pdf
Nota pública DESCARGAR PDF
942 ## - ELEMENTOS DE PUNTO DE ACCESO ADICIONAL (KOHA)
Fuente del sistema de clasificación o colocación Clasificación Universidad Autónoma Chapingo
Tipo de ítem Koha Tesis digital
Holdings
Estado de retiro Estado de pérdida Fuente del sistema de clasificación o colocación Estado dañado Restricciones de uso No para préstamo Código de colección Localización permanente Ubicación/localización actual Ubicación en estantería Fecha de adquisición Total de préstamos Signatura topográfica completa Fecha visto por última vez Precio válido a partir de Tipo de ítem Koha
    Clasificación Universidad Autónoma de Chapingo   Préstamo interno   Tesis digitales de Licenciatura Biblioteca Digital Biblioteca Digital En línea 29/08/2024   Tesis digital 29/08/2024 29/08/2024 Tesis digital